|
|
|
|
| LEADER |
01813nam a22002417a 4500 |
| 001 |
31340 |
| 003 |
BD-DhAAL |
| 008 |
170504s2011 bg ||||| |||| 00| 0 ben d |
| 999 |
|
|
|c 38106
|d 38106
|
| 040 |
|
|
|a BD-DhAAL
|c BD-DhAAL
|
| 082 |
|
|
|2 23
|a 362.73095492
|
| 245 |
|
|
|a সেক্টর উন্নয়ন পরিকল্পনা (অর্থবছর ২০১১-২৫) :
|b বাংলাদেশের পানি সরবরাহ ও স্যানিটেশন সেক্টর
|
| 260 |
|
|
|a ঢাকা :
|b স্থানীয় সরকার বিভাগ, পল্লী উন্নয়ন ও সমবায় মন্ত্রণালয়, গণপ্রজাতন্ত্রী বংলাদেশ সরকার,
|c ২০১১
|
| 300 |
|
|
|a xiv, [২০৪] পৃষ্ঠা :
|b চিত্র ;
|c ২৮ সে.মি.
|
| 526 |
|
|
|a AAL
|
| 541 |
|
|
|e 31340
|
| 650 |
|
|
|a Water
|x Supply
|x Sanitation
|z Bangladesh
|9 21403
|
| 710 |
|
|
|a স্থানীয় সরকার বিভাগ, পল্লী উন্নয়ন ও সমবায় মন্ত্রণালয়, গণপ্রজাতন্ত্রী বংলাদেশ সরকার,
|9 21404
|
| 852 |
|
|
|a Ayesha Abed Library
|c General Stacks
|
| 942 |
|
|
|2 ddc
|c BK
|
| 952 |
|
|
|0 0
|1 0
|2 ddc
|4 0
|6 362_730954920000000_SEC
|7 0
|9 60476
|a BRACUL
|b BRACUL
|c GEN
|d 2017-05-04
|e Complimentary
|l 0
|o 362.73095492 SEC
|p 3010031339
|r 2017-05-04
|t 1
|w 2017-05-04
|y BK
|
| 952 |
|
|
|0 0
|1 0
|2 ddc
|4 0
|6 362_730954920000000_SEC
|7 0
|9 60478
|a BRACUL
|b BRACUL
|c GEN
|d 2017-05-04
|e Complimentary
|l 0
|o 362.73095492 SEC
|p 3010031340
|r 2017-05-04
|t 2
|w 2017-05-04
|y BK
|
| 952 |
|
|
|0 0
|1 0
|2 ddc
|4 0
|6 362_730954920000000_SEC
|7 0
|9 62161
|a BRACUL
|b BRACUL
|c GEN
|d 2017-12-05
|e Complementary copy
|l 0
|o 362.73095492 SEC
|p 3010031341
|r 2017-12-05
|t 3
|w 2017-12-05
|y BK
|